Statistics for Ex Manchester United players

Click here to take the quiz!

General Stats

  • This quiz has been taken 363 times
  • The average score is 10 of 15

Answer Stats

Answer% Correct
David Beckham
99%
Bobby Charlton
92%
Ole Solskjaer
91%
Jaap Stam
83%
Dwight Yorke
81%
Mark Hughes
74%
Fabien Barthez
70%
Bryan Robson
68%
Denis Irwin
67%
Louis Saha
64%
Nicky Butt
64%
Gordon Strachan
56%
Alan Smith
46%
Andrei Kanchelskis
44%
Kleberson
35%

Score Distribution

Percentile by Number Answered

Percent of People with Each Score

Your Score History

You have not taken this quiz